- Fogarasi Béla: Logika. 4. átdolg. bőv. kiad. Bp., Akadémiai K. 1958. (autoreferátum)
Elmentve itt :
| Szerző: | |
|---|---|
| Adatforrás: | Philobibl |
| Forrásdokumentuma: | Magyar Filozófiai Szemle 2 1958/3-4., 493. p. |
| Dokumentumtípus: | Cikk |
| Nyelv: | magyar |
| LEADER | 00354nab a2200097 c 4500 | ||
|---|---|---|---|
| 001 | bibDOK00007012 | ||
| 005 | 20200924120300.8 | ||
| 008 | 060518s1958 hu hun | ||
| 100 | 1 | |a Fogarasi Béla | |
| 245 | 1 | 0 | |a - Fogarasi Béla: Logika. 4. átdolg. bőv. kiad. Bp., Akadémiai K. 1958. (autoreferátum) |c Fogarasi Béla |
| 773 | 0 | |t Magyar Filozófiai Szemle 2 |g 1958/3-4., 493. p. | |